00720nam a2200193 4500999001900000005001700019010001500036020002600051035001400077037001300091082000800104100001900112245006300131260003900194270011500233300003800348942002200386952011800408 c189085d18908520220613144429.0 aENG-133246 a9789384861087c950.00 aEN-116778 bDBAD/PUB a934 aPathak, Deepak aArt and Craft Of Indus Valley Civilization/cDeepak Pathak aDelhibJyotsana Publicationsc2015 bDelhiaE-Block, 422/6, 4th Floor, 15H Sahdev Gali, Ashok Nagar, Shahdarae110093mjyotsnapublication@gmail.com av, 231p.bBibliographyc22cm(hbk) 2ddccENh934mPAT 001040708NFICaBNbBNd2022-06-13eDBAD/PUBg950.00l0o934 PATpEN-116778r2022-06-13 00:00:00t1v950.00yEN